|
|
|
|
| LEADER |
00000nam0a2200000 4500 |
| 001 |
112288 |
| 005 |
20231031121416.0 |
| 035 |
|
|
|a (RuTPU)RU\TPU\book\121394
|
| 090 |
|
|
|a 112288
|
| 100 |
|
|
|a 20070326d2006 k y0rusy50 ca
|
| 101 |
0 |
|
|a rus
|
| 102 |
|
|
|a RU
|
| 105 |
|
|
|a a b 000zy
|
| 200 |
1 |
|
|a Котлы отопительные, промышленные и коммунальные
|e отраслевой каталог
|e 02-05
|f Институт промышленных каталогов; ООО "Инпромкаталог"; сост. Н. Н. Бакланова; Н. А. Ванюков; Т. В. Сергеева
|
| 210 |
|
|
|a Москва
|c Инпромкаталог
|d 2006
|
| 215 |
|
|
|a 120 с.
|c ил.
|
| 225 |
1 |
|
|a Каталог
|
| 330 |
|
|
|a Каталог «Котлы отопительные промышленные и коммунальные» (02-05)представляет сведения о промышленно выпускаемых котлах в России и странах СНГ, а также зарубежными фирмами, представленными на рынке России, которые предназначены для получения пара и горячей воды за счет теплоты сгорания твердого топлива, мазута или природного газа. Информация о котлах представлена в виде краткого описания конструктивных особенностей, технических характеристик, схем, сведений о разработчиках и изготовителях. Каталог (02-05) сформирован из выделенных в отдельную группу отопительных котлов, ранее вошедших в сводный каталог «Энергетическое оборудование для выработки и транспортировки энергоносителей и энергосбережение» (01-04) 2005 г., и в него дополнительно впервые добавлены котлы, выпущенные на базе новых технологий, и котлы, не включенные в ранние издания.
|
| 610 |
1 |
|
|a отопительные котлы
|
| 610 |
1 |
|
|a паровые котлы
|
| 610 |
1 |
|
|a водогрейные котлы
|
| 610 |
1 |
|
|a промышленные котлы
|
| 610 |
1 |
|
|a коммунальные котлы
|
| 610 |
1 |
|
|a производство
|
| 610 |
1 |
|
|a конструкции
|
| 610 |
1 |
|
|a технологические характеристики
|
| 610 |
1 |
|
|a схемы
|
| 610 |
1 |
|
|a разработчики
|
| 610 |
1 |
|
|a изготовители
|
| 610 |
1 |
|
|a отраслевые каталоги
|
| 675 |
|
|
|a 697.32(085)
|v 3
|
| 702 |
|
1 |
|a Бакланова
|b Н. Н.
|4 220
|
| 702 |
|
1 |
|a Ванюков
|b Н. А.
|4 220
|
| 702 |
|
1 |
|a Сергеева
|b Т. В.
|4 220
|
| 712 |
0 |
2 |
|a Институт промышленных каталогов (Инпромкаталог)
|c (Москва)
|2 stltpush
|3 (RuTPU)RU\TPU\col\5845
|
| 801 |
|
1 |
|a RU
|b 63413507
|c 20070326
|g PSBO
|
| 801 |
|
2 |
|a RU
|b 63413507
|c 20090211
|g PSBO
|
| 942 |
|
|
|c BK
|